000 004400000a22001810004500
003 MACL
005 20150818130940.0
008 150818b xxu||||| |||| 00| 0 eng d
040 _aMACL
_cMACL
041 _aEnglish
082 _a572.86/SEN
100 _aSen, Sribir
_96026
245 _aRecombinant Dna Technology
260 _bModern Column
_c2006
_aKolkata
350 _a100
650 _aBio Chemestry
_96027
942 _cBK
_k572.86
_2ddc
999 _c1820
_d1820